Sanhyga 2019 : zborník prednášok z 24. medzinárodnej vedecko-technickej konferencie. Piešťany, SR, 10. - 11. 10. 2019
Salvato in:
| Ente Autore: | |
|---|---|
| Altri autori: | , , |
| Natura: | Atti del Convegno Libro |
| Lingua: | slovacco ceco |
| Pubblicazione: |
Bratislava :
SSTP,
2019
|
| Edizione: | 1. vyd. |
| Soggetti: | |
| Tags: |
Nessun Tag, puoi essere il primo ad aggiungerne!!
|
MARC
| LEADER | 00000nam a22000003a 4500 | ||
|---|---|---|---|
| 001 | 0076687 | ||
| 003 | SK-STU | ||
| 005 | 20210223130918.4 | ||
| 007 | ta | ||
| 008 | 161021s ----xo-||||||||||-|||-||slo-d | ||
| 020 | |a 978-80-89878-49-9 | ||
| 035 | |a biblio/143065 |2 CREPC2 | ||
| 041 | 0 | |a slo |a cze | |
| 044 | |a xo | ||
| 111 | 2 | |a Sanhyga 2019 |n 24. |d 10. - 11. 10. 2019 |c Piešťany, Slovenská republika | |
| 245 | 1 | 0 | |a Sanhyga 2019 : |b zborník prednášok z 24. medzinárodnej vedecko-technickej konferencie. Piešťany, SR, 10. - 11. 10. 2019 |h [elektronický zdroj] |
| 250 | |a 1. vyd. | ||
| 260 | |a Bratislava : |b SSTP, |c 2019 | ||
| 300 | |a CD-ROM, 207 s. | ||
| 650 | |a vodovody | ||
| 650 | 0 | 4 | |a kanalizácia |
| 650 | 0 | 4 | |a plynovody |
| 700 | 1 | |a Peráčková, Jana, |d 1961- |u 010290 |r Z1 |9 100 |4 edt |U SvF Stavebná fakulta |T SvF Katedra technických zariadení budov |X 2739 |U V290 |Y 31 |7 A000002739 | |
| 700 | 1 | |a Valášek, Jaroslav, |d 1938- |4 rev |X 297 |7 A000000297 | |
| 700 | 1 | |a Vranayová, Zuzana, |d 1964- |4 rev |X 54451 |7 A0000054451 | |
| 996 | |b 284V041166 |c V* 2633/sc-19 |l VVT |s A |a 24 |w 0076687_0001 | ||